Score 0/42 Timer 05:00
0 Plays Today
Clue 5-Letter Word % Correct
Ladder 1 - ACTORPASTA
90.5%
Ladder 1 - ACTORBACON
87.7%
Ladder 1 - ACTORPASTS
86.2%
Ladder 1 - ACTORCORAL
86.2%
Ladder 2 - ROLESWORDS
85.9%
Ladder 2 - ROLESWANTS
83.1%
Ladder 2 - ROLESGRAND
83%
Ladder 2 - ROLESGRANT
82%
Ladder 2 - ROLESGRUNT
81.9%
Ladder 2 - ROLESWAITS
81.8%
Ladder 2 - ROLESGRIND
81.2%
Ladder 2 - ROLESGRINS
81.2%
Ladder 1 - ACTORMORAL
81.1%
Ladder 2 - ROLESBAITS
80.7%
Ladder 2 - ROLESGRITS
76.8%
Ladder 2 - ROLESWARDS
75.2%
Ladder 2 - ROLESBRITS
73.4%
Ladder 1 - ACTORSASHA
72.6%
Ladder 1 - ACTORMORON
72.4%
Ladder 1 - ACTORTACOS
71.5%
Ladder 2 - ROLESWANES
70.6%
Clue 5-Letter Word % Correct
Ladder 1 - ACTORBORON
69.6%
Ladder 1 - ACTORPACTS
69.1%
Ladder 1 - ACTOR★BARON★
68.6%
Ladder 1 - ACTORCOVES
68.1%
Ladder 2 - ROLESWARES
67.9%
Ladder 1 - ACTORCORES
67.8%
Ladder 2 - ROLESLORDS
67.4%
Ladder 1 - ACTORCOVEN
66.7%
Ladder 1 - ACTORBACOS
66.5%
Ladder 1 - ACTORMORAN
65.9%
Ladder 2 - ROLESBRUNT
65.7%
Ladder 1 - ACTORPASHA
64.9%
Ladder 1 - ACTORCOREL
64.2%
Ladder 1 - ACTORTACTS
63.3%
Ladder 1 - ACTOR★COHEN★
57.9%
Ladder 2 - ROLES★BORAT★
51.4%
Ladder 1 - ACTOR★SACHA★
51.2%
Ladder 2 - ROLES★BRÜNO★
49.3%
Ladder 2 - ROLESLORAX
42.2%
Ladder 2 - ROLESBORAX
42.1%
Ladder 2 - ROLESLORAS
37.5%

Today's Daily Dose

You're not logged in!

Compare scores with friends on all Sporcle quizzes.
OR
Log In

Sporcle TV

Today on Sporcle TV


Watch our educational content, quiz creation guides, and fun videos on Sporcle TV.

Show Comments

Extras

Top Quizzes Today


Score Distribution

Your Account Isn't Verified!

In order to create a playlist on Sporcle, you need to verify the email address you used during registration. Go to your Sporcle Settings to finish the process.

Report this User

Report this user for behavior that violates our Community Guidelines.

Details: